000 00838cam a2200253 4500
001 0000005019
005 20170406120304.0
008 710520s1971 pauab b 001 0 eng
010 _a 73139436
020 _a0721690289
035 _9(DLC) 73139436
040 _aDLC
_cDLC
_dDLC
050 0 0 _aQH308.2
_b.V55
082 0 0 _a574
100 1 _aVillee, Claude Alvin,
_d1917-.
245 1 0 _aBiological principles and processes /
_c[by] Claude A. Villee [and] Vincent G. Dethier.
260 _aPhiladelphia :
_bSaunders,
_c1971.
300 _axxi, 1009 p. :
_billus. (part col.), maps (part col.) ;
_c27 cm.
504 _aIncludes bibliographical references.
650 0 _aBiology.
700 1 _aDethier, V. G.
_q(Vincent Gaston),
_d1915-1993,
_ejoint author.
908 _a141201
999 _c4825
_d4825